000
00261nam a2200097Ia 4500
001
711307
005
20250826162805.0
008
250824s9999 xx 000 0 und d
245
0
_a
LA FONTAINE MASALLARI
_c
TAHSİN YÜCEL
260
_b
TÜRKİYE İŞ BANKASI YAYINLARI
999
_c
711307
_d
711307